[Event "SB-2019-0-00575"]
[Site "LSS email"]
[Date "2019.06.16"]
[Round "?"]
[White "Bujdak, Pavel"]
[Black "Kharchuk, Yurij"]
[Result "1/2-1/2"]
[WhiteElo "2000"]
[BlackElo "1996"]
[PlyCount "54"]
[EventDate "2019.05.05"]
[EventType "tourn (corr)"]
[EventRounds "6"]
[EventCountry "GER"]
[SourceTitle "Corr 2022"]
[Source "ChessBase"]
[SourceDate "2021.10.24"]
[SourceVersion "1"]
[SourceVersionDate "2021.10.24"]
[SourceQuality "1"]

1. e4 c6 2. d4 d5 3. e5 Bf5 4. c3 e6 5. Be2 Nd7 6. Nf3 h6 7. 0-0 Ne7 8. Nbd2 Qc7 9. a4 g5 10. a5 a6 11. b4 f6 12. Nb3 0-0-0 13. Ra2 Ng6 14. Ne1 h5 15. Nc5 Nxc5 16. bxc5 fxe5 17. Bxg5 Rd7 18. Nd3 Rg8 19. f4 Rdg7 20. Bf6 exd4 21. cxd4 Nh4 22. Bf3 Nxf3+ 23. Rxf3 Rg6 24. Be5 Qh7 25. Rb2 Bg4 26. Nb4 Bxf3 27. Qxf3 Bg7 1/2-1/2

[Event "SB-2019-0-00575"]
[Site "LSS email"]
[Date "2019.06.16"]
[Round "?"]
[White "Rodriguez, Raul"]
[Black "Kharchuk, Yurij"]
[Result "1/2-1/2"]
[WhiteElo "1984"]
[BlackElo "1996"]
[PlyCount "58"]
[EventDate "2019.05.05"]
[EventType "tourn (corr)"]
[EventRounds "6"]
[EventCountry "GER"]
[SourceTitle "Corr 2022"]
[Source "ChessBase"]
[SourceDate "2021.10.24"]
[SourceVersion "1"]
[SourceVersionDate "2021.10.24"]
[SourceQuality "1"]

1. e4 c5 2. Nf3 d6 3. d4 cxd4 4. Qxd4 Nc6 5. Bb5 Bd7 6. Bxc6 Bxc6 7. Nc3 Nf6 8. Bg5 e6 9. Bxf6 Qxf6 10. Qe3 Qd8 11. 0-0-0 Be7 12. Kb1 0-0 13. Nd4 a6 14. f4 Qc7 15. Rd3 b5 16. Rhd1 b4 17. Nxc6 Qxc6 18. Ne2 Rfc8 19. Nd4 Qb7 20. f5 e5 21. Nf3 Rc6 22. f6 Bxf6 23. Rxd6 h6 24. Rd7 Rc7 25. Rxc7 Qxc7 26. Rd5 Rc8 27. Qd2 a5 28. b3 Qb6 29. h4 h5 1/2-1/2

[Event "CP-2018-P-00009"]
[Site "LSS email"]
[Date "2018.09.27"]
[Round "?"]
[White "Kharchuk, Yurij"]
[Black "Glowinski, Daniel"]
[Result "1-0"]
[WhiteElo "1931"]
[BlackElo "1535"]
[PlyCount "81"]
[EventDate "2018.10.01"]
[EventType "tourn (corr)"]
[EventRounds "6"]
[EventCountry "GER"]
[SourceTitle "Corr 2022"]
[Source "ChessBase"]
[SourceDate "2021.10.24"]
[SourceVersion "1"]
[SourceVersionDate "2021.10.24"]
[SourceQuality "1"]

1. e4 c5 2. Nf3 d6 3. d4 cxd4 4. Nxd4 Nf6 5. Nc3 g6 6. Be3 Bg7 7. f3 0-0 8. Qd2 Nc6 9. 0-0-0 Nxd4 10. Bxd4 Be6 11. Kb1 Rc8 12. g4 Nd7 13. Bxg7 Kxg7 14. h4 Ne5 15. h5 Kh8 16. f4 Bxg4 17. hxg6 fxg6 18. fxe5 Bxd1 19. Nxd1 dxe5 20. Bd3 Rf7 21. Qh6 Qg8 22. Qh2 Qg7 23. Ne3 e6 24. Nc4 Rff8 25. Qh3 Rf6 26. a3 a6 27. Be2 Rc5 28. Nd2 Kg8 29. Nf3 Qe7 30. c3 Rf4 31. Ng5 Rc7 32. Nxe6 Rc6 33. Nxf4 exf4 34. Bf3 Rf6 35. e5 Rf5 36. e6 Re5 37. Rd1 h5 38. Rd7 Qf6 39. Bd5 Re1+ 40. Ka2 b5 41. Rf7 1-0

[Event "ZI-2018-0-02385"]
[Site "LSS email"]
[Date "2018.01.03"]
[Round "?"]
[White "Alexandre Bisquert, Francisco"]
[Black "Kharchuk, Yurij"]
[Result "1/2-1/2"]
[WhiteElo "2050"]
[BlackElo "1790"]
[PlyCount "78"]
[EventDate "2017.12.30"]
[EventType "match (corr)"]
[EventRounds "2"]
[EventCountry "GER"]
[SourceTitle "Corr 2022"]
[Source "ChessBase"]
[SourceDate "2021.10.24"]
[SourceVersion "1"]
[SourceVersionDate "2021.10.24"]
[SourceQuality "1"]

1. e4 c5 2. Nf3 d6 3. d4 cxd4 4. Nxd4 Nf6 5. Nc3 g6 6. Be3 Bg7 7. f3 0-0 8. Qd2 Nc6 9. 0-0-0 d5 10. Nxc6 bxc6 11. exd5 Nxd5 12. Nxd5 cxd5 13. Qxd5 Qc7 14. Qc5 Qb7 15. b3 Bf5 16. Bd3 Rac8 17. Qa5 Rc3 18. Bxf5 Rxe3 19. Be4 Qb8 20. g3 Qc8 21. g4 Qb8 22. Kb1 Qf4 23. Rd8 Bc3 24. Rxf8+ Kxf8 25. Qxa7 Qxh2 26. Qxe3 Qxh1+ 27. Qc1 Qh2 28. a4 Qf2 29. Ka2 Kg7 30. Bc6 Qc5 31. Bb5 Qd4 32. Bc4 e6 33. Bd3 Kf8 34. Bc4 Kg7 35. Qf1 Qd2 36. Qd3 Qe1 37. Qf1 Qd2 38. Qd3 Qe1 39. Qf1 Qd2 1/2-1/2

[Event "CP-2017-P-00030"]
[Site "LSS email"]
[Date "2017.09.27"]
[Round "?"]
[White "Kharchuk, Yurij"]
[Black "Reede, Arvo"]
[Result "1-0"]
[WhiteElo "1803"]
[BlackElo "1704"]
[PlyCount "73"]
[EventDate "2017.10.01"]
[EventType "tourn (corr)"]
[EventRounds "6"]
[EventCountry "GER"]
[SourceTitle "Corr 2022"]
[Source "ChessBase"]
[SourceDate "2021.10.24"]
[SourceVersion "1"]
[SourceVersionDate "2021.10.24"]
[SourceQuality "1"]

1. e4 c5 2. Nf3 d6 3. d4 cxd4 4. Nxd4 Nf6 5. Nc3 a6 6. h3 e5 7. Nde2 Nc6 8. g4 Be7 9. Bg2 0-0 10. Ng3 Bd7 11. g5 Ne8 12. h4 Rc8 13. Nd5 Nc7 14. Nb6 Rb8 15. Be3 Be6 16. Qd2 Nb5 17. c3 Re8 18. Nd5 Qd7 19. h5 Bd8 20. a4 Nba7 21. g6 fxg6 22. hxg6 hxg6 23. f4 exf4 24. Nxf4 Nc8 25. Nxg6 N8e7 26. Nxe7+ Qxe7 27. e5 Nxe5 28. Qc2 g6 29. 0-0-0 Rf8 30. Rh6 Qg7 31. Rxd6 Bf7 32. Be4 Ng4 33. Rhxg6 Bxg6 34. Rxg6 Nxe3 35. Rxg7+ Kxg7 36. Qh2 Bg5 37. Qh7+ 1-0

[Event "WC-2017-S-00010"]
[Site "LSS email"]
[Date "2017.05.17"]
[Round "?"]
[White "Kharchuk, Yurij"]
[Black "Reede, Arvo"]
[Result "1-0"]
[WhiteElo "1752"]
[BlackElo "1701"]
[PlyCount "71"]
[EventDate "2017.06.01"]
[EventType "tourn (corr)"]
[EventRounds "12"]
[EventCountry "GER"]
[SourceTitle "Corr 2024"]
[Source "ChessBase"]
[SourceDate "2023.10.19"]
[SourceVersion "1"]
[SourceVersionDate "2023.10.19"]
[SourceQuality "1"]

1. e4 e5 2. Nf3 Nc6 3. Bb5 a6 4. Ba4 Nf6 5. 0-0 Be7 6. Re1 b5 7. Bb3 d6 8. c3 0-0 9. h3 Na5 10. Bc2 c5 11. d4 cxd4 12. cxd4 Bb7 13. d5 Qc7 14. Nbd2 Rac8 15. Bd3 Nd7 16. Nf1 f5 17. exf5 Bxd5 18. Ng5 Bxg5 19. Bxg5 Bc6 20. Ne3 d5 21. b3 Qb7 22. Ng4 e4 23. Be2 Rxf5 24. Bd2 Qb6 25. Ne3 Rff8 26. Bg4 Rcd8 27. Bb4 Nf6 28. Qd2 Nb7 29. Bxf8 Kxf8 30. Rac1 h5 31. Be6 Rd6 32. Bc8 Rd8 33. Qb4+ Kf7 34. Nf5 Rxc8 35. Qe7+ Kg6 36. Qe6 1-0

[Event "WC-2017-P-00012"]
[Site "LSS email"]
[Date "2017.01.23"]
[Round "?"]
[White "Celan, Melissa"]
[Black "Kharchuk, Yurij"]
[Result "1/2-1/2"]
[WhiteElo "2096"]
[BlackElo "1698"]
[PlyCount "105"]
[EventDate "2017.02.01"]
[EventType "tourn (corr)"]
[EventRounds "12"]
[EventCountry "GER"]
[SourceTitle "Corr 2022"]
[Source "ChessBase"]
[SourceDate "2021.10.24"]
[SourceVersion "1"]
[SourceVersionDate "2021.10.24"]
[SourceQuality "1"]

1. d4 Nf6 2. Nf3 d5 3. c4 c6 4. Nc3 dxc4 5. a4 Bf5 6. e3 e6 7. Bxc4 Bb4 8. 0-0 0-0 9. Nh4 Bg4 10. f3 Bh5 11. g4 Nd5 12. Ng2 Bg6 13. Na2 Bd6 14. e4 Nb6 15. Bb3 a5 16. Nc3 Bb4 17. Be3 N8d7 18. Qe2 Rc8 19. Nf4 Qf6 20. Kh1 Rfd8 21. Rad1 Qe7 22. Qf2 c5 23. d5 Bxc3 24. bxc3 exd5 25. Nxd5 Nxd5 26. Rxd5 h6 27. h4 c4 28. Bc2 Ne5 29. Bc5 Qe8 30. Rxd8 Rxd8 31. h5 Bh7 32. Bd4 Nd3 33. Qe2 b5 34. axb5 Qxb5 35. Rb1 Qd7 36. Bxd3 cxd3 37. Qxd3 a4 38. Qb5 Qxb5 39. Rxb5 Ra8 40. c4 a3 41. c5 f6 42. Kg2 a2 43. c6 Rc8 44. Ra5 Kh8 45. Rxa2 Rxc6 46. Ra7 Rd6 47. Ba1 Re6 48. Kg3 Kg8 49. Kf4 Kf8 50. Bb2 Kg8 51. Bd4 Re8 52. Ke3 Re6 53. Ra8+ 1/2-1/2

[Event "WC-2017-P-00012"]
[Site "LSS email"]
[Date "2017.01.23"]
[Round "?"]
[White "Kharchuk, Yurij"]
[Black "Celan, Melissa"]
[Result "1/2-1/2"]
[WhiteElo "1698"]
[BlackElo "2096"]
[PlyCount "136"]
[EventDate "2017.02.01"]
[EventType "tourn (corr)"]
[EventRounds "12"]
[EventCountry "GER"]
[SourceTitle "Corr 2022"]
[Source "ChessBase"]
[SourceDate "2021.10.24"]
[SourceVersion "1"]
[SourceVersionDate "2021.10.24"]
[SourceQuality "1"]

1. d4 d5 2. c4 c6 3. Nc3 dxc4 4. e4 b5 5. a4 b4 6. Na2 Nf6 7. e5 Nd5 8. Bxc4 e6 9. Nf3 Ba6 10. Bxa6 Nxa6 11. 0-0 Rc8 12. Qd3 Qb6 13. Be3 c5 14. Rfc1 Be7 15. Qb5+ Qxb5 16. axb5 Nac7 17. Bd2 a5 18. bxa6 Nxa6 19. dxc5 Bxc5 20. Kf1 0-0 21. Rc4 Be7 22. Rac1 Ra8 23. Nd4 Bc5 24. Nc6 b3 25. Nab4 Naxb4 26. Bxb4 Bxb4 27. Nxb4 Ra5 28. Nxd5 Rxd5 29. Rb4 Rxe5 30. Rxb3 g5 31. Rb7 Rd8 32. b4 Rd2 33. Re1 Rf5 34. Re2 Rd1+ 35. Re1 Rd3 36. g3 Rb3 37. Re4 h5 38. Re2 g4 39. Kg2 Kg7 40. Rc2 Kg6 41. Rb8 Re5 42. h3 gxh3+ 43. Kxh3 Rf5 44. Kg2 h4 45. gxh4 Rf4 46. b5 Rg4+ 47. Kf1 Rb1+ 48. Ke2 Rxh4 49. b6 Rhb4 50. b7 Rxb7 51. Rxb7 Rxb7 52. Rc4 Kg5 53. Kf3 f5 54. Kg2 Rb2 55. Ra4 e5 56. Rc4 e4 57. Kf1 Ra2 58. Rb4 Kf4 59. Rb3 Rd2 60. Ra3 Rb2 61. Rc3 Rb1+ 62. Kg2 Rb2 63. Ra3 Rc2 64. Rb3 Rc5 65. Ra3 Ke5 66. f3 exf3+ 67. Kxf3 Rb5 68. Re3+ Kf6 1/2-1/2

[Event "WC-2017-P-00012"]
[Site "LSS email"]
[Date "2017.01.23"]
[Round "?"]
[White "Kharchuk, Yurij"]
[Black "Nemec, Zdenek"]
[Result "1/2-1/2"]
[WhiteElo "1698"]
[BlackElo "2346"]
[PlyCount "51"]
[EventDate "2017.02.01"]
[EventType "tourn (corr)"]
[EventRounds "12"]
[EventCountry "GER"]
[SourceTitle "Corr 2022"]
[Source "ChessBase"]
[SourceDate "2021.10.24"]
[SourceVersion "1"]
[SourceVersionDate "2021.10.24"]
[SourceQuality "1"]

1. d4 f5 2. c4 Nf6 3. Nc3 e6 4. Nf3 Bb4 5. Qb3 c5 6. a3 Bxc3+ 7. Qxc3 Ne4 8. Qc2 d6 9. dxc5 dxc5 10. g3 Nc6 11. Bg2 e5 12. Be3 Nd4 13. Bxd4 cxd4 14. 0-0 Qc7 15. Nh4 0-0 16. e3 Be6 17. exd4 Qxc4 18. Qxc4 Bxc4 19. Rfc1 Be6 20. dxe5 g5 21. Nf3 Rad8 22. Rd1 Bb3 23. Rxd8 Rxd8 24. Rc1 Kf7 25. h4 g4 26. Ng5+ 1/2-1/2

[Event "WC-2017-P-00012"]
[Site "LSS email"]
[Date "2017.01.23"]
[Round "?"]
[White "Nemec, Zdenek"]
[Black "Kharchuk, Yurij"]
[Result "1-0"]
[WhiteElo "2346"]
[BlackElo "1698"]
[PlyCount "79"]
[EventDate "2017.02.01"]
[EventType "tourn (corr)"]
[EventRounds "12"]
[EventCountry "GER"]
[SourceTitle "Corr 2022"]
[Source "ChessBase"]
[SourceDate "2021.10.24"]
[SourceVersion "1"]
[SourceVersionDate "2021.10.24"]
[SourceQuality "1"]

1. e4 c6 2. d4 d5 3. exd5 cxd5 4. Bd3 Nf6 5. c3 Nc6 6. Bf4 g6 7. Nf3 Bg7 8. Nbd2 0-0 9. 0-0 Nh5 10. Be3 Qd6 11. Re1 Bd7 12. Nb3 Rae8 13. Nc5 Bc8 14. Bb5 a6 15. Ba4 b6 16. Nd3 b5 17. Bc2 Bf5 18. a4 Ra8 19. b4 Rfc8 20. h3 Nf6 21. Bf4 Qd8 22. Nc5 Bxc2 23. Qxc2 Nd7 24. axb5 axb5 25. Rxa8 Rxa8 26. Qd3 Nxc5 27. bxc5 b4 28. Qb5 Qc8 29. cxb4 Bxd4 30. Bd2 Bg7 31. Qd3 e6 32. b5 Na5 33. Bxa5 Rxa5 34. c6 Qc7 35. Rb1 Qb6 36. Qe3 d4 37. Qc1 Ra7 38. Qc4 Bf6 39. Rc1 Bd8 40. Ne5 1-0

[Event "CP-2016-P-00001"]
[Site "LSS email"]
[Date "2016.09.27"]
[Round "?"]
[White "Aberg, Lars Erik"]
[Black "Kharchuk, Yurij"]
[Result "1/2-1/2"]
[WhiteElo "2107"]
[BlackElo "1715"]
[PlyCount "50"]
[EventDate "2016.10.01"]
[EventType "tourn (corr)"]
[EventRounds "6"]
[EventCountry "GER"]
[SourceTitle "Corr 2022"]
[Source "ChessBase"]
[SourceDate "2021.10.24"]
[SourceVersion "1"]
[SourceVersionDate "2021.10.24"]
[SourceQuality "1"]

1. d4 Nf6 2. c4 e6 3. Nc3 Bb4 4. e3 b6 5. Nge2 Ba6 6. a3 Be7 7. Nf4 d5 8. cxd5 Bxf1 9. Kxf1 exd5 10. Qf3 c6 11. g4 0-0 12. Kg2 Bd6 13. e4 Nxe4 14. Nxe4 dxe4 15. Qxe4 f5 16. gxf5 Qg5+ 17. Kf1 Qxf5 18. Qxf5 Rxf5 19. Nd3 Nd7 20. Be3 Nf6 21. Rc1 Nd5 22. Rxc6 Nxe3+ 23. Ke2 Ng4 24. Rxd6 Re8+ 25. Kd2 Nxf2 1/2-1/2

[Event "CP-2016-P-00001"]
[Site "LSS email"]
[Date "2016.09.27"]
[Round "?"]
[White "Kharchuk, Yurij"]
[Black "Kerecsenyi, Zoltan"]
[Result "1/2-1/2"]
[WhiteElo "1715"]
[BlackElo "1510"]
[PlyCount "51"]
[EventDate "2016.10.01"]
[EventType "tourn (corr)"]
[EventRounds "6"]
[EventCountry "GER"]
[SourceTitle "Corr 2022"]
[Source "ChessBase"]
[SourceDate "2021.10.24"]
[SourceVersion "1"]
[SourceVersionDate "2021.10.24"]
[SourceQuality "1"]

1. d4 Nf6 2. c4 g6 3. Nc3 d5 4. cxd5 Nxd5 5. e4 Nxc3 6. bxc3 c5 7. Bb5+ Bd7 8. Bxd7+ Qxd7 9. Nf3 Bg7 10. 0-0 0-0 11. Be3 cxd4 12. cxd4 Nc6 13. Rc1 Rac8 14. d5 Ne5 15. Nxe5 Bxe5 16. Qb3 b6 17. f4 Bg7 18. e5 Rfd8 19. Rxc8 Rxc8 20. Rd1 Qf5 21. Qd3 Qd7 22. h3 Qa4 23. Qb3 Qxb3 24. axb3 Rd8 25. Kf2 f6 26. e6 1/2-1/2

[Event "RD-2016-0-00127"]
[Site "LSS email"]
[Date "2016.03.21"]
[Round "?"]
[White "Sofia, Gerardo"]
[Black "Kharchuk, Yurij"]
[Result "1/2-1/2"]
[WhiteElo "1420"]
[BlackElo "1656"]
[PlyCount "34"]
[EventDate "2015.11.18"]
[EventType "tourn (corr)"]
[EventRounds "6"]
[EventCountry "GER"]
[SourceTitle "Corr 2022"]
[Source "ChessBase"]
[SourceDate "2021.10.24"]
[SourceVersion "1"]
[SourceVersionDate "2021.10.24"]
[SourceQuality "1"]

1. d4 d5 2. c4 e6 3. Nf3 Nf6 4. cxd5 exd5 5. Nc3 c6 6. Bf4 Bf5 7. e3 Nbd7 8. a3 Be7 9. Bd3 Bxd3 10. Qxd3 0-0 11. 0-0 Nh5 12. Rfe1 Nxf4 13. exf4 Bd6 14. g3 Nf6 15. b4 a6 16. Ne5 Re8 17. Na4 Rc8 1/2-1/2

[Event "RD-2016-0-00127"]
[Site "LSS email"]
[Date "2016.03.09"]
[Round "?"]
[White "Kharchuk, Yurij"]
[Black "Correa de Almeida, Claudio"]
[Result "1-0"]
[WhiteElo "1656"]
[BlackElo "1544"]
[PlyCount "107"]
[EventDate "2015.11.18"]
[EventType "tourn (corr)"]
[EventRounds "6"]
[EventCountry "GER"]
[SourceTitle "Corr 2022"]
[Source "ChessBase"]
[SourceDate "2021.10.24"]
[SourceVersion "1"]
[SourceVersionDate "2021.10.24"]
[SourceQuality "1"]

1. d4 Nf6 2. c4 e6 3. Nf3 c5 4. d5 b5 5. dxe6 fxe6 6. cxb5 d5 7. e3 Bd6 8. Be2 0-0 9. 0-0 Nbd7 10. b3 a6 11. Bb2 axb5 12. Bxb5 Ba6 13. Bxa6 Rxa6 14. Nbd2 h6 15. Qc2 Qe8 16. h3 Qh5 17. Rfe1 Raa8 18. a4 Kh8 19. e4 d4 20. b4 e5 21. b5 Bc7 22. Nc4 Ba5 23. Nxa5 Rxa5 24. Nd2 Qg6 25. Nc4 Raa8 26. a5 Nd5 27. Ra3 Nb4 28. Qe2 Rae8 29. b6 Qc6 30. Rc1 Kh7 31. Rb3 Nb8 32. Ba3 N8a6 33. Nb2 Qe6 34. Qc4 Qf6 35. f3 Qg5 36. Bxb4 Nxb4 37. Qxc5 Na2 38. Rc2 Nc3 39. Rbxc3 dxc3 40. Rxc3 Rd8 41. Qe3 Qg3 42. b7 Qg6 43. Rc7 Qe6 44. Nc4 Rd4 45. Nb6 Rb8 46. Nd5 Qd6 47. Qc3 h5 48. a6 Qxa6 49. Rxg7+ Kh8 50. Qc7 Rxb7 51. Qxb7 Qxb7 52. Rxb7 Kg8 53. Re7 h4 54. Rxe5 1-0

[Event "SC-2016-0-00286"]
[Site "LSS email"]
[Date "2016.03.07"]
[Round "?"]
[White "Kharchuk, Yurij"]
[Black "Dogan, Ahmet"]
[Result "1/2-1/2"]
[WhiteElo "1662"]
[BlackElo "1667"]
[PlyCount "29"]
[EventDate "2016.01.21"]
[EventType "tourn (corr)"]
[EventRounds "6"]
[EventCountry "GER"]
[SourceTitle "Corr 2022"]
[Source "ChessBase"]
[SourceDate "2021.10.24"]
[SourceVersion "1"]
[SourceVersionDate "2021.10.24"]
[SourceQuality "1"]

1. e4 c5 2. Nf3 d6 3. d4 cxd4 4. Nxd4 Nf6 5. Nc3 a6 6. Be3 e5 7. Nb3 Be6 8. f3 Be7 9. Qd2 Nbd7 10. g4 h6 11. h4 b5 12. 0-0-0 Nb6 13. Qf2 Nfd7 14. Kb1 Qc7 15. Rh2 1/2-1/2

[Event "SC-2016-0-00286"]
[Site "LSS email"]
[Date "2016.03.03"]
[Round "?"]
[White "Sternik, Ryszard"]
[Black "Kharchuk, Yurij"]
[Result "0-1"]
[WhiteElo "1655"]
[BlackElo "1662"]
[PlyCount "70"]
[EventDate "2016.01.21"]
[EventType "tourn (corr)"]
[EventRounds "6"]
[EventCountry "GER"]
[SourceTitle "Corr 2022"]
[Source "ChessBase"]
[SourceDate "2021.10.24"]
[SourceVersion "1"]
[SourceVersionDate "2021.10.24"]
[SourceQuality "1"]

1. e4 e5 2. f4 exf4 3. Nf3 d6 4. Bc4 h6 5. h4 Nf6 6. Nc3 Bg4 7. d4 Be7 8. Bxf4 Nh5 9. Be3 Ng3 10. Rh2 Nc6 11. Qd3 Na5 12. Bf2 Nh5 13. 0-0-0 Nxc4 14. Qxc4 0-0 15. Re1 c6 16. d5 Rc8 17. Bxa7 Qa5 18. Be3 b5 19. Qb3 b4 20. Nd1 c5 21. Nd2 Ra8 22. Nf2 Bd7 23. g4 Ba4 24. Nc4 Qa6 25. Qd3 Bb5 26. b3 Nf6 27. Bf4 Qxa2 28. g5 Nd7 29. gxh6 Bf6 30. Kd1 Bxc4 31. Qxc4 Be5 32. Nd3 Bxf4 33. Nxf4 Ne5 34. Qf1 c4 35. Rh3 Qb1+ 0-1

[Event "OP-2016-0-03960"]
[Site "LSS email"]
[Date "2016.02.17"]
[Round "?"]
[White "Prodan, Vladimir"]
[Black "Kharchuk, Yurij"]
[Result "0-1"]
[WhiteElo "800"]
[BlackElo "1678"]
[PlyCount "42"]
[EventDate "2016.02.13"]
[EventType "tourn (corr)"]
[EventRounds "4"]
[EventCountry "GER"]
[SourceTitle "Corr 2022"]
[Source "ChessBase"]
[SourceDate "2021.10.24"]
[SourceVersion "1"]
[SourceVersionDate "2021.10.24"]
[SourceQuality "1"]

1. d4 d5 2. c3 Nf6 3. Nf3 Bf5 4. h3 e6 5. Bf4 Bd6 6. Bh2 Bxh2 7. Nxh2 0-0 8. e3 Nbd7 9. Bd3 Bxd3 10. Qxd3 c5 11. 0-0 e5 12. Nd2 e4 13. Qe2 Rc8 14. Rac1 Qb6 15. b3 Rc7 16. dxc5 Nxc5 17. c4 Nd3 18. Rc2 Nd7 19. Qh5 N7e5 20. Ng4 Ng6 21. Qf5 Rc5 0-1